লোডিং...

Mahatma Jotiba Phoole rachanavali

গ্রন্থ-পঞ্জীর বিবরন
প্রধান লেখক: Phoole, Jotiba
অন্যান্য লেখক: Vimalkirti, L.G.Meshram
বিন্যাস: Printed Book
ভাষা:English
প্রকাশিত: New Delhi Radhakrishna Prakashan 1996
বিষয়গুলি:
LEADER 00682nam a2200253 a 4500
001 adlib96000001
003 ViArRB
005 20151026131754.0
008 960221s1955 dcuabcdjdbkoqu001 0deng d
020
022
040 |a Adlib 
082 |a 89H-1/-9 
245 |a Mahatma Jotiba Phoole rachanavali 
250
260 |a New Delhi  |b Radhakrishna Prakashan  |c 1996 
300 |a 311p. 
500 |a  2 vols. 
100 |a Phoole, Jotiba 
700 |a Vimalkirti, L.G.Meshram 
942 |c BK  |6 _ 
653 |a Prose - Hindi Literature 
999 |c 34709  |d 34709 
952 |0 0  |1 0  |4 0  |6 89H19_PHO2  |7 0  |9 46388  |a UL  |b UL  |d 2010-06-16  |o 89H-1/-9 PHO.2  |p 00044800  |r 2010-06-16  |w 2010-06-16  |y BK